| 000 | 00749nam a22002537a 4500 | ||
|---|---|---|---|
| 005 | 20220628162659.0 | ||
| 008 | 220623b ||||| |||| 00| 0 eng d | ||
| 020 | _a1900724782 | ||
| 040 | _cAloy | ||
| 041 | _akan | ||
| 082 |
_223 _a032.02 _bABEU |
||
| 100 |
_aIbrahim Al Abed...[et. al] _945829 |
||
| 245 | _aUnited Arab Emirated Yearbook 2002 | ||
| 260 |
_aLondon: _bTrident Press Ltd. _c2002 |
||
| 300 |
_a320p. _bPB _c21x15cm. |
||
| 650 |
_aEconomic Development _944691 |
||
| 650 |
_aSocial Development _944692 |
||
| 650 |
_aEnvironment and Wildlife _944693 |
||
| 700 |
_aABED (Ibrahim Al) Ed _944694 |
||
| 700 |
_aVINE (Paula) Ed _944695 |
||
| 700 |
_aHELLYER (Peter) Ed _944696 |
||
| 700 |
_aVINE (Peter) Ed _944697 |
||
| 942 |
_2ddc _cGF |
||
| 999 |
_c223457 _d223457 |
||